000 00645nam a2200265Ia 4500
005 20260121170717.0
008 008 260114s9999 xx 000 0 eng d
020 _a9783319975269
037 _aEBOOK
040 _aCRL
040 _beng
040 _cCRL
041 _2eng
041 _aeng
084 _qCRL
100 _aPhilip A. Thomas
_91067224
245 0 _aNarrow Plasmon Resonances in Hybrid Systems
260 _bSpringer
260 _bSpringer
260 _c2018
856 _uhttps://link.springer.com/openurl?genre=book&isbn=978-3-319-97526-9
942 _cEBOOK
999 _c1632954
_d1632954